Statistiques concernant Clubs de Serie A (2020-2021)

Cliquez ici pour prendre le quiz!

Statistiques générales

  • Ce quiz a été pris 124 fois
    (113 depuis la dernière actualisation)
  • Le résultat moyen est 13 sur 20

Statistiques - réponses

Serie A% Correct
AC Milan
97%
Inter Milan
97%
Juventus Turin
97%
AS Rome
93%
SSC Naples
83%
SS Lazio
82%
ACF Fiorentina
76%
Atalanta Bergame
75%
Torino FC
67%
US Sassuolo
60%
Hellas Verone
56%
Bologne FC 1909
55%
Cagliari Calcio
54%
UC Sampdoria
54%
Genoa CFC
50%
Udinese Calcio
50%
Spezia Calcio
48%
Parme Calcio 1913
47%
Benevento Calcio
34%
Crotone FC
33%

Distribution des résultats

Percentile par nombre de réponses

% des personnes avec chaque résultat

Votre développement - résultats

Vous n’avez pas pris ce quiz depuis la dernière actualisation